| 000 | 01251nam0a22002891 4500 | ||
|---|---|---|---|
| 001 | rc\2220951 | ||
| 005 | 20250623064642.0 | ||
| 035 | _a(NLR Aleph) 006643167 | ||
| 090 |
_a4715559 _c4715559 |
||
| 100 | _a20110829d1979 |||y0rusy50 ca | ||
| 101 | 0 | _arus | |
| 102 | _aRU | ||
| 105 | _ay z ||||| | ||
| 200 | 1 |
_aАнализ себестоимости и рентабельности продукции на предприятиях отрасли _f[Сост.: инж. А.М. Савранский, к. э. н. В.Л. Полукаров, инж. С.В. Белокопытов] |
|
| 210 |
_aМосква _cЦНИИТЭИлегпром _d1979 |
||
| 215 |
_a[1], 33 с. _d21 |
||
| 225 | 1 |
_aОбзорная информация _fМ-во лег. пром-сти СССР, ЦНИИ информ. и техн.-экон. исслед. лег. пром-сти _iПромышленность искусственной кожи |
|
| 320 | _aБиблиогр.: с. 33 | ||
| 333 | _aДСП. Экз. № 9 | ||
| 700 | 1 |
_aСавранский _bА.М. |
|
| 701 | 1 |
_aПолукаров _bВ.Л. |
|
| 701 | 1 |
_aБелокопытов _bС.В. |
|
| 801 | 0 |
_aRU _bNLR _gpsbo |
|
| 801 | 1 |
_aRU _bELAR _2rusmarc |
|
| 852 |
_aNLR _j79-50К/4275 |
||
| 942 | _cBOOK | ||
| 980 | _aNB | ||